Statistiques concernant Les pokémons de type Électrik

Cliquez ici pour prendre le quiz!

Statistiques générales

  • Ce quiz a été pris 60 fois
  • Le résultat moyen est 41 sur 47

Statistiques - réponses

GénérationRéponse% Correct
1Magnéti
100%
1Magnéton
100%
1Pikachu
100%
1Raichu
100%
1Électhor
98%
1Élektek
98%
1Électrode
96%
4Élekable
96%
2Élekid
96%
2Lainergie
96%
2Pharamp
96%
2Pichu
96%
1Voltali
96%
1Voltorbe
96%
2Wattouat
96%
3Dynavolt
93%
3Négapi
93%
3Posipi
93%
3Élecsprint
91%
4Lixy
91%
4Luxio
91%
4Magnézone
91%
5Anchwatt
89%
5Emolga
89%
4Luxray
89%
5Ohmassacre
89%
5Zekrom
89%
5Lampéroie
87%
2Lanturn
87%
2Loupio
87%
2Raikou
87%
5Zéblitz
85%
4Pachirisu
83%
5Zébibron
83%
4Motisma
78%
7Chrysapile
76%
6Dedenne
76%
7Lucanon
76%
7Togedemaru
76%
7Câblifère
74%
5Fulguris
72%
6Iguolta
72%
6Galvaran
70%
5Limonde
70%
5Mygavolt
70%
5Statitik
70%
7Tokorico
70%

Distribution des résultats

Percentile par nombre de réponses

% des personnes avec chaque résultat

Votre développement - résultats

Vous n’avez pas pris ce quiz